00323nam a22000977a 4500008004100000082001500041110006400056245004800120260004800168300000900216230623b xxu||||| |||| 00| 0 eng d a330.1bADE bBoard of Trustees of the Leeland Stanford Junior University aTheories of Economic Growth and Development aCaliforniabStanford University Pressc1961 a164p